000 00350nam a2200145Ia 4500
005 20250402212912.0
008 240331s9999 xx 000 0 und d
082 _bSEE
_a894
100 _aSeetha R
245 0 _aHaiku vadivak kavithaikal
260 _aBangalore
_bKaavya
_c1994
300 _a108 p .,
650 _aTamil haiku kavithaikal
942 _cL
999 _c4121
_d4121